|
|
|
|
| LEADER |
00998cam a2200289 i 4500 |
| 001 |
001406292 |
| 003 |
CZ BrMZK |
| 005 |
20160122085323.0 |
| 007 |
aj|c|||| |
| 008 |
140723s1970 xo |||| |a |r|||||slo d |
| 034 |
1 |
|
|a a
|b 10000
|
| 040 |
|
|
|a BOA001
|b cze
|
| 080 |
|
|
|a 913(437.6)
|2 MRF
|
| 080 |
|
|
|a (084.3)
|2 MRF
|
| 245 |
0 |
0 |
|a Lučenec
|h [kartografický dokument] :
|b orientačný plán /
|c zodpovedný redaktor Mikuláš Farkaš
|
| 255 |
|
|
|a Měřítko 1:10 000
|
| 260 |
|
|
|a Bratislava :
|b Slovenská kartografia,
|c 1970
|
| 300 |
|
|
|a 1 mapa :
|b barev. ;
|c 32 x 44 cm
|
| 500 |
|
|
|a Na rubu text
|
| 655 |
0 |
7 |
|a plány měst
|7 fd133027
|2 czenas
|
| 651 |
|
7 |
|a Lučenec (Slovensko)
|7 ge129906
|2 czenas
|
| 700 |
1 |
|
|a Farkaš, Mikuláš,
|d 1928-1990
|7 mzk2009496324
|4 pbd
|
| 710 |
2 |
|
|a Slovenská kartografia
|7 ko2003206561
|4 pbl
|
| 910 |
|
|
|a BOA001
|b Skř.9A-0641.160
|
| 990 |
|
|
|a MP
|
| 991 |
|
|
|b 201407
|
| 996 |
6 |
|
|b 2619016072
|c Skř.9A-0641.160
|l MZK
|r Sklad / do 24 hodin
|n 0
|w 001442834
|u 000010
|a 1
|e BOA001
|j MZK50
|s P
|